কৃষি আবহাওয়াবিদ্যা / (Record no. 71376)
[ view plain ]
| 000 -LEADER | |
|---|---|
| fixed length control field | 01050nam a2200253 a 4500 |
| 001 - CONTROL NUMBER | |
| control field | 71376 |
| 003 - CONTROL NUMBER IDENTIFIER | |
| rucl marc code | BD-RjUL |
| 005 - DATE AND TIME OF LATEST TRANSACTION | |
| control field | 20211209082115.0 |
| 008 - FIXED-LENGTH DATA ELEMENTS--GENERAL INFORMATION | |
| fixed length control field | 170502s2007 bg a|||| |||| 000 0 ben d |
| 020 ## - INTERNATIONAL STANDARD BOOK NUMBER | |
| International Standard Book Number | 9840745867 |
| Terms of availability | : Tk. 90.00 |
| 035 ## - SYSTEM CONTROL NUMBER | |
| System control number | (BD-RjUL)71592 |
| 040 ## - CATALOGING SOURCE | |
| Original cataloging agency | BD-RjUL |
| Language of cataloging | ben |
| Transcribing agency | BD-RjUL |
| Modifying agency | BD-RjUL |
| 041 ## - LANGUAGE CODE | |
| Language code of text/sound track or separate title | ben |
| 082 ## - DEWEY DECIMAL CLASSIFICATION NUMBER | |
| Edition number | 23 |
| Classification number | 630.2515 |
| Author mark and year | ALK 2007 |
| 100 1# - MAIN ENTRY--PERSONAL NAME | |
| Personal name | আলী, মোঃ হোসেন |
| 9 (RLIN) | 211204 |
| 245 1# - TITLE STATEMENT | |
| Title | কৃষি আবহাওয়াবিদ্যা / |
| Statement of responsibility, etc. | মোঃ হোসেন আলী ও এম. জি. মোস্তাফা আমিন |
| 260 ## - PUBLICATION, DISTRIBUTION, ETC. (IMPRINT) | |
| Place of publication, distribution, etc. | ঢাকা : |
| Name of publisher, distributor, etc. | বাংলা একাডেমী, |
| Date of publication, distribution, etc. | ২০০৭ [১৪১৪] |
| 300 ## - PHYSICAL DESCRIPTION | |
| Pagination | ১৫১ পৃ. : |
| Illustrations | চিত্র. ; |
| Size | ২৭ সেমি. |
| 504 ## - BIBLIOGRAPHY, ETC. NOTE | |
| Bibliography, etc | গ্রন্থপঞ্জি সংযুক্ত |
| 650 ## - SUBJECT ADDED ENTRY--TOPICAL TERM | |
| Topical term or geographic name as entry element | আবহাওয়া, কৃষি |
| 9 (RLIN) | 211205 |
| Topical term or geographic name as entry element | Meteorology, Agricultural |
| 9 (RLIN) | 209742 |
| 700 ## - ADDED ENTRY--PERSONAL NAME | |
| Personal name | আমিন, এম. জি. মোস্তাফা |
| 942 ## - ADDED ENTRY ELEMENTS (KOHA) | |
| Source of classification or shelving scheme | Dewey Decimal Classification |
| Koha item type | Books |
| Lost status | Source of classification or shelving scheme | Damaged status | Not for loan | Collection code | Permanent Location | Current Location | Shelving location | Date acquired | Source of acquisition | Cost, normal purchase price | Total Checkouts | Full call number | Date last seen | Copy number | Koha item type |
|---|---|---|---|---|---|---|---|---|---|---|---|---|---|---|---|
| Dewey Decimal Classification | Not For Loan | Non-fiction | Central Library, University of Rajshahi | Central Library, University of Rajshahi | Reading Room | 12/08/2009 | Bangla Academi, Dhaka | 90.00 | B 630.2515 ALK 2007 | 02/05/2017 | C-1 | Books |